Кризис современного рационализма и становление коэволюционно-инновационной рациональности; Известия Томского политехнического университета [Известия ТПУ]; Т. 316, № 6: Экономика. Философия, социология и культурология
| Parent link: | Известия Томского политехнического университета [Известия ТПУ]/ Томский политехнический университет (ТПУ).— , 2000- Т. 316, № 6: Экономика. Философия, социология и культурология.— 2010.— [С. 63-68] |
|---|---|
| Autor principal: | |
| Otros Autores: | |
| Sumario: | Заглавие с титульного листа Электронная версия печатной публикации Исследованы особенности кризиса действующей концепции рациональности. Показано, что современный системный кризис социума явился отражением более глубокого кризиса - кризиса рационализма. По мнению авторов, именно коэволюционно-инновационная рациональность способна стать основой стратегии выхода социума из системного кризиса. |
| Lenguaje: | ruso |
| Publicado: |
2010
|
| Colección: | Философия, социология и культурология |
| Materias: | |
| Acceso en línea: | http://www.lib.tpu.ru/fulltext/v/Bulletin_TPU/2010/v316/i6/13.pdf |
| Formato: | MixedMaterials Electrónico Capítulo de libro |
| KOHA link: | https://koha.lib.tpu.ru/cgi-bin/koha/opac-detail.pl?biblionumber=187662 |
MARC
| LEADER | 00000nla2a2200000 4500 | ||
|---|---|---|---|
| 001 | 187662 | ||
| 005 | 20231031174044.0 | ||
| 035 | |a (RuTPU)RU\TPU\book\203625 | ||
| 035 | |a RU\TPU\book\203623 | ||
| 090 | |a 187662 | ||
| 100 | |a 20101118d2010 k y0rusy50 ca | ||
| 101 | 0 | |a rus | |
| 102 | |a RU | ||
| 135 | |a drnn ---uucaa | ||
| 181 | 0 | |a i | |
| 182 | 0 | |a b | |
| 200 | 1 | |a Кризис современного рационализма и становление коэволюционно-инновационной рациональности |b Электронный ресурс |f Ю. А. Никитина, А. В. Корниенко | |
| 203 | |a Текст |c электронный | ||
| 215 | |a 1 файл (64 Кб) | ||
| 225 | 1 | |a Философия, социология и культурология | |
| 230 | |a Электронные текстовые данные (1 файл : 64 Кб) | ||
| 300 | |a Заглавие с титульного листа | ||
| 300 | |a Электронная версия печатной публикации | ||
| 320 | |a [Библиогр.: с. 67-68 (13 назв.)] | ||
| 330 | |a Исследованы особенности кризиса действующей концепции рациональности. Показано, что современный системный кризис социума явился отражением более глубокого кризиса - кризиса рационализма. По мнению авторов, именно коэволюционно-инновационная рациональность способна стать основой стратегии выхода социума из системного кризиса. | ||
| 337 | |a Adobe Reader | ||
| 461 | 1 | |0 (RuTPU)RU\TPU\book\176237 |t Известия Томского политехнического университета [Известия ТПУ] |f Томский политехнический университет (ТПУ) |d 2000- | |
| 463 | 1 | |0 (RuTPU)RU\TPU\book\203561 |x 1684-8519 |t Т. 316, № 6: Экономика. Философия, социология и культурология |v [С. 63-68] |d 2010 |p 243 с. | |
| 610 | 1 | |a коэволюционно-инновационная рациональность | |
| 610 | 1 | |a системный кризис | |
| 610 | 1 | |a коэволюционно-инновационная стратегия | |
| 610 | 1 | |a труды учёных ТПУ | |
| 610 | 1 | |a электронный ресурс | |
| 700 | 1 | |a Никитина |b Ю. А. |c российский учёный в области международного менеджмента |c доцент Томского политехнического университета, кандидат философских наук |f 1963- |g Юлия Анатольевна |2 stltpush |3 (RuTPU)RU\TPU\pers\24692 | |
| 701 | 1 | |a Корниенко |b А. В. |c российский ученый в области кибернетики |c профессор Томского политехнического университета |f 1938- |g Анатолий Васильевич |2 stltpush |3 (RuTPU)RU\TPU\pers\21968 | |
| 801 | 1 | |a RU |b 63413507 |c 20090623 |g PSBO | |
| 801 | 2 | |a RU |b 63413507 |c 20211222 |g PSBO | |
| 856 | 4 | |u http://www.lib.tpu.ru/fulltext/v/Bulletin_TPU/2010/v316/i6/13.pdf | |
| 942 | |c CF | ||